000
00313nam a2200133Ia 4500
008
190216s9999||||xx |||||||||||||| ||und||
100
_a
Satya Prakash
245
0
_a
Physics And Atomic Physics
250
_a
8th Ed.
260
_b
Ratan Prakashan Mandir
_c
1991
300
_a
765
650
_a
Physics
942
_c
BK
999
_c
33272
_d
33272